00389nam a2200133Ia 4500008004100000020001500041041000800056082001500064100003500079245003500114260004700149300001400196500004500210230926s9999 xx 000 0 und d a8121901324 aeng a621.8/KHU/ aKhumi, R. S. & Gupta, J. K . aTheory of Machines (SI Units)  bS. Chand and Company Ltd., New Delhic1996 aIV;1007P. aDoneted by Mr. Tarun Shrivastava, Nagpur